New Learning Mathematics-VIII (Record no. 12529)

MARC details
000 -LEADER
fixed length control field 00244nam a22000977a 4500
008 - FIXED-LENGTH DATA ELEMENTS--GENERAL INFORMATION
fixed length control field 231219b |||||||| |||| 00| 0 eng d
020 ## - INTERNATIONAL STANDARD BOOK NUMBER
International Standard Book Number 9788177394160
100 ## - MAIN ENTRY--PERSONAL NAME
Personal name Aggarwal
245 ## - TITLE STATEMENT
Title New Learning Mathematics-VIII
260 ## - PUBLICATION, DISTRIBUTION, ETC. (IMPRINT)
Place of publication, distribution, etc. New Delhi
Name of publisher, distributor, etc. Avichal
Holdings
Withdrawn status Lost status Source of classification or shelving scheme Damaged status Koha normalized classification for sorting Not for loan Home library Current library Shelving location Date acquired Total Checkouts Full call number Barcode Date last seen Price effective from Koha item type
    Dewey Decimal Classification   AGG_510_000000000000000   Good Samaritan School Library Good Samaritan School Library Mathematics 12/19/2023   AGG510 AGG15662 12/19/2023 12/19/2023 BOOK

Powered by Koha